| 000 | 00365nam a2200145Ia 4500 | ||
|---|---|---|---|
| 008 | 230917s9999||||xx |||||||||||||| ||und|| | ||
| 040 |
_e74337 _aMAIN |
||
| 041 | _aEnglish | ||
| 082 | _a338.04 K527E | ||
| 100 | _aKhan, M A | ||
| 245 | 0 | _aEntrepreneurial development programmes in India | |
| 260 |
_aDelhi _bKanishka _c1992 |
||
| 300 | _axiii, 265 p. | ||
| 942 | _cBK | ||
| 999 |
_c64532 _d64532 |
||